North Sea Countries on an Empty Map - Statistics

General Stats
  • This quiz has been taken 280 times
  • The average score is 7 of 7
Answers on the Map
Answers color-coded by a green-red scale on the quiz's map according to % correct below.
 
Answer Stats
Countries % Correct
Belgium
99%
Denmark
99%
Germany
99%
Netherlands
99%
Norway
99%
France
98%
United Kingdom
97%
No matching quizzes found
Score Distribution
Percent of People with Each Score
Percentile by Number Answered
Your Score History
You have not taken this quiz